000 00606nas a2200205 4500
001 000037054
003 DLC
005 20240917111854.0
008 120209c20059999dr hr1p dd 0 0spa d
040 _aDO-SdBNP
_bspa
_cBNPHU
_erda
043 _anwdr
110 1 _aRepública Dominicana
_bJunta Central Electoral
_bCámara Contenciosa Electoral
_963459
245 1 0 _aBoletín contenciosa electoral.
260 _aSanto Domingo :
_bJunta Central Electoral (JCE).
300 _av. ;
_c2005.
310 _aTrienal
362 1 _av. 1 (2003-2005)
505 1 _gv. 1.
_t2003-2004 y 2005 --
942 _2ddc
_cISSUE
999 _c36544
_d36544